000 00402nam a2200181Ia 4500
001 1154
005 20260306140611.0
008 260306t1983||||xx |||||||||||||| ||spa||
041 _aESP
082 _a185
_bA72K
100 _aAristóteles
_eAUT
245 0 _aCategorías
260 _c1983
300 _axiii, 65 páginas :
_c19 cm.
650 _aGEN
654 _aCHU
942 _cLIB
_dJUS
_fJUS
_2ddc
_n
999 _c1154
_d1154